000 00287nam a2200121 4500
999 _c10631
_d10631
003 OSt
005 20220429185612.0
008 220429b ||||| |||| 00| 0 eng d
082 _a720.284
100 _a Jacoby, Helmut
245 _aNew techniques of architectural rendering
942 _2ddc